000
00316nam a22001217a 4500
999
_c
13586
_d
13586
082
_a
297.09
100
_a
محمّد صدیق صدیقی
245
_a
آئیے نماز ادا کریں
260
_a
کراچی
_b
قریشی آرٹ پریس
_c
٢٠٠٥
300
_a
١٩٠ صفحات
650
_a
Namaz
942
_c
BK